000 00754cab a2200241 4500
001 WB3326-41
008 090401t1997 xxu||||| |||| 00| 0 eng d
035 _a(Sirsi) u79414
041 _aeng
245 _aFirst solicitor property centres
260 _c1997
350 _a0
490 _aSolicitors` Journal
_v(141) 27 June 1997, 611
520 _aSolicitors participating in property-selling centres will be asked to forego any profits until the entire national network of centres have been established.
650 _aCONVEYANCING
650 _aPROPERTY CENTRES
650 _aPROPERTY SALES
650 _aSOLICITORS PROPERTY CENTRES
650 _aSOLICITORS
690 _aPROPERTY LAW AND PRACTICE
942 _n0
948 _c03/07/1997
999 _c49915
_d49915